pick your brain - Lyn Lapid (All Lyrics) - Statistics

General Stats
  • This quiz has been taken 13 times
  • The average score is 197 of 315
Answer Stats
Hint Answer % Correct
a
100%
I
100%
Verse You
100%
you
100%
your
100%
Chorus When
91%
when
91%
know
82%
pick
82%
the
82%
Verse The
82%
wanna
82%
around
73%
brain?
73%
down
73%
go
73%
have
73%
not
73%
thought
73%
to
73%
you're
73%
all
64%
Before
64%
for
64%
head
64%
head)
64%
in
64%
(In
64%
In
64%
last
64%
me
64%
must
64%
of
64%
on
64%
reason
64%
sleeping
64%
sun
64%
that
64%
thinking?
64%
what
64%
am
55%
and
55%
And
55%
apartment
55%
call
55%
Can
55%
Feel
55%
forehead
55%
goes
55%
hall
55%
high
55%
live
55%
met
55%
my
55%
so
55%
time?
55%
were
55%
we're
55%
We're
55%
Who
55%
believin'
45%
'cause
45%
change
45%
darlin'
45%
different
45%
(Different)
45%
eyes
45%
I'm
45%
inside
45%
just
45%
keep
45%
life?
45%
mine
45%
one
45%
Say
45%
see
45%
swear
45%
waste
45%
way
45%
wonder
45%
world
45%
Are
36%
arms
36%
at
36%
At
36%
awake
36%
boy
36%
city
36%
deep
36%
delusions
36%
Don't
36%
end
36%
gonna
36%
got
36%
happen
36%
I've
36%
need
36%
night
36%
pocket
36%
Wide
36%
amusement
27%
away
27%
car
27%
driving
27%
Even
27%
Bridge Feed
27%
get
27%
I'd
27%
knows
27%
logic
27%
lose
27%
lost
27%
love
27%
nothing
27%
ploy
27%
point
27%
sound
27%
suddenly
27%
this
27%
what's
27%
but
18%
hold
18%
insane
18%
kissed
18%
may
18%
through
18%
while
18%
No matching quizzes found
Score Distribution
Percent of People with Each Score
Percentile by Number Answered
Your Score History
You have not taken this quiz